Derecho penal económico : parte especial. Tomo 2 /
Derecho penal del trabajo. Delitos aduaneros. Protección penal del medio ambiente. Consideraciones político criminales y dogmáticas en torno a la ley de residuos peligrosos. Vaciamiento de empresas. Delitos contra la propiedad industrial
Guardado en:
| Formato: | Libro |
|---|---|
| Idioma: | Spanish |
| Publicado: |
Buenos Aires :
Mediterránea,
2003
|
| Materias: | |
| Etiquetas: |
Agregar Etiqueta
Sin Etiquetas, Sea el primero en etiquetar este registro!
|
| LEADER | 00739nam a22001575a 4500 | ||
|---|---|---|---|
| 001 | DER.der000294 | ||
| 008 | 180615s2003####ag#||||||||||||||#||spa|| | ||
| 005 | 20250715140359.0 | ||
| 245 | 1 | 0 | |a Derecho penal económico : |b parte especial. |n Tomo 2 / |c dirigido por Fabián I. Balcarce. |
| 260 | |a Buenos Aires : |b Mediterránea, |c 2003 | ||
| 300 | |a 392 p. | ||
| 520 | |a Derecho penal del trabajo. Delitos aduaneros. Protección penal del medio ambiente. Consideraciones político criminales y dogmáticas en torno a la ley de residuos peligrosos. Vaciamiento de empresas. Delitos contra la propiedad industrial | ||
| 020 | |a 9871020295 | ||
| 100 | 1 | |a Balcarce, Fabián I., |e dir. | |
| 650 | 7 | |a DERECHO PENAL | |
| 859 | |a DERECHO |b BIB. DERECHO |h 345 |i BAL |p 001082 |3 Tomo II | ||
